Bairros de Vila Velha - Statistics

Estatísticas Gerais
  • Esse quiz foi jogado 120 vezes
  • A pontuação média é 38 de 92
Estatísticas das Respostas
BAIRROS % Correto
Praia da Costa
98%
Itapuã
90%
Centro
85%
Glória
79%
Ibes
77%
Ponta da Fruta
75%
Aribiri
73%
Barra do Jucu
73%
Cobilândia
73%
Praia de Itaparica
71%
Terra Vermelha
71%
São Torquato
69%
Araçás
65%
Interlagos
65%
Coqueiral de Itaparica
63%
Paul
60%
Argolas
58%
Cobi de Baixo
58%
Cobi de Cima
58%
Jockey de Itaparica
56%
Santa Mônica
56%
Vale Encantado
56%
Ataíde
54%
Soteco
54%
Jaburuna
52%
Praia das Gaivotas
52%
Rio Marinho
52%
Divino Espírito Santo
50%
Cocal
48%
Novo México
48%
Riviera da Barra
48%
Santa Inês
48%
Cristóvão Colombo
46%
Barramares
44%
Boa Vista I
44%
Boa Vista II
44%
Ilha das Flores
44%
Jardim Marilândia
44%
Primeiro de Maio
44%
Alecrim
42%
Alvorada
42%
Ilha dos Ayres
42%
Santa Rita
42%
Balneário Ponta da Fruta
40%
Garoto
38%
Guaranhuns
38%
Vila Garrido
38%
Ilha dos Bentos
35%
Santa Paula II
35%
Vila Nova
35%
Zumbi dos Palmares
35%
Darly Santos
33%
Jardim Colorado
33%
Jardim Guaranhuns
33%
Nossa Senhora da Penha
33%
Santa Paula I
33%
Santos Dumont
33%
Jabaeté
31%
João Goulart
31%
Morada da Barra
31%
Pontal das Garças
31%
Ulisses Guimarães
31%
Dom João Batista
29%
Jardim do Vale
29%
Chácara do Conde
27%
Ilha da Conceição
27%
Industrial
27%
Jardim Asteca
25%
Jardim Guadalajara
25%
Morada do Sol
25%
Nova Ponta da Fruta
25%
Olaria
25%
Planalto
25%
Praia dos Recifes
25%
São Conrado
25%
Vinte e Três de Maio
23%
Brisamar
21%
Cavalieri
21%
Residencial Coqueiral
21%
Sagrada Família
21%
Santa Clara
21%
Vila Batista
21%
Cidade da Barra
19%
Morro da Lagoa
19%
Nova América
19%
Normília da Cunha
17%
Nova Itaparica
17%
Pedra dos Búzios
17%
Vila Guaranhuns
17%
Santa Mônica Popular
15%
Vista da Penha
10%
Pólo Empresarial Novo México
6%
Nenhum quiz correspondente encontrado
Distribuição das Pontuações
Porcentagem de Pessoas com Cada Pontuação
Percentil de Números Respondidos
Sua Pontuação Histórica
Você não jogou esse quiz